000
00270 a2200109 4500
020
_a
9788126702992
100
_a
Krishna Sobti
245
_a
Daar se bichhudi(डार से बिछुड़ी)
250
_a
8th
260
_b
Rajkamal prakashan
_c
2024
942
_c
OO
999
_c
116314
_d
116313